Sports Quiz

Random Sports or NBA Quiz
Score 0/73 Timer 10:00
0 Plays Today
Season Team % Correct
1956-57Boston Celtics (4-3)
100%
1958-59Boston Celtics (4-0)
100%
1959-60Boston Celtics (4-3)
100%
1960-61Boston Celtics (4-1)
100%
1961-62Boston Celtics (4-3)
100%
1962-63Boston Celtics (4-2)
100%
1963-64Boston Celtics (4-1)
100%
1964-65Boston Celtics (4-1)
100%
1965-66Boston Celtics (4-3)
100%
1967-68Boston Celtics (4-2)
100%
1968-69Boston Celtics (4-3)
100%
1973-74Boston Celtics (4-3)
100%
1975-76Boston Celtics (4-2)
100%
1980-81Boston Celtics (4-2)
100%
1983-84Boston Celtics (4-3)
100%
1985-86Boston Celtics (4-2)
100%
2007-08Boston Celtics (4-2)
100%
1946-47Philadelphia Warriors (4-1)
97.9%
1948-49Minneapolis Lakers (4-2)
97.9%
1949-50Minneapolis Lakers (4-2)
97.9%
1951-52Minneapolis Lakers (4-3)
97.9%
1952-53Minneapolis Lakers (4-1)
97.9%
1953-54Minneapolis Lakers (4-3)
97.9%
1955-56Philadelphia Warriors (4-1)
97.9%
1969-70New York Knicks (4-3)
97.9%
1971-72Los Angeles Lakers (4-1)
97.9%
1972-73New York Knicks (4-1)
97.9%
1974-75Golden State Warriors (4-0)
97.9%
1979-80Los Angeles Lakers (4-2)
97.9%
1981-82Los Angeles Lakers (4-2)
97.9%
1984-85Los Angeles Lakers (4-2)
97.9%
1986-87Los Angeles Lakers (4-2)
97.9%
1987-88Los Angeles Lakers (4-3)
97.9%
1990-91Chicago Bulls (4-1)
97.9%
1991-92Chicago Bulls (4-2)
97.9%
1992-93Chicago Bulls (4-2)
97.9%
1995-96Chicago Bulls (4-2)
97.9%
Season Team % Correct
1996-97Chicago Bulls (4-2)
97.9%
1997-98Chicago Bulls (4-2)
97.9%
1998-99San Antonio Spurs (4-1)
97.9%
1999-00Los Angeles Lakers (4-2)
97.9%
2000-01Los Angeles Lakers (4-1)
97.9%
2001-02Los Angeles Lakers (4-0)
97.9%
2002-03San Antonio Spurs (4-2)
97.9%
2004-05San Antonio Spurs (4-3)
97.9%
2006-07San Antonio Spurs (4-0)
97.9%
2008-09Los Angeles Lakers (4-1)
97.9%
2009-10Los Angeles Lakers (4-3)
97.9%
2013-14San Antonio Spurs (4-1)
97.9%
2014-15Golden State Warriors (4-2)
97.9%
2016-17Golden State Warriors (4-1)
97.9%
2017-18Golden State Warriors (4-0)
97.9%
1988-89Detroit Pistons (4-0)
95.7%
1989-90Detroit Pistons (4-1)
95.7%
1993-94Houston Rockets (4-3)
95.7%
1994-95Houston Rockets (4-0)
95.7%
2003-04Detroit Pistons (4-1)
95.7%
2005-06Miami Heat (4-2)
95.7%
2010-11Dallas Mavericks (4-2)
95.7%
2011-12Miami Heat (4-1)
95.7%
2012-13Miami Heat (4-3)
95.7%
2015-16Cleveland Cavaliers (4-3)
95.7%
2018-19Toronto Raptors (4-2)
95.7%
1966-67Philadelphia 76ers (4-2)
93.6%
1982-83Philadelphia 76ers (4-0)
93.6%
1947-48Baltimore Bullets (4-2)
91.5%
1977-78Washington Bullets (4-3)
91.5%
1970-71Milwaukee Bucks (4-0)
87.2%
1976-77Portland Trail Blazers (4-2)
87.2%
1957-58St. Louis Hawks (4-2)
85.1%
1978-79Seattle SuperSonics (4-1)
78.7%
1954-55Syracuse Nationals (4-3)
70.2%
1950-51Rochester Royals (4-3)
59.6%
Remove Ads.
Support Sporcle.
Get the best of Sporcle when you Go Orange. This ad-free experience offers more features, more stats, and more fun while also helping to support Sporcle. Thank you for becoming a member.

You're not logged in!

Compare scores with friends on all Sporcle quizzes.
OR
Log In

Sporcle TV

Today on Sporcle TV


Watch our educational content, quiz creation guides, and fun videos on Sporcle TV.

Show Comments

Extras

Created May 9, 2020ReportNominate
Tags:NBA Quiz, champion, opponent, season, team

Top Quizzes Today


Score Distribution

Paid Content

Your Account Isn't Verified!

In order to create a playlist on Sporcle, you need to verify the email address you used during registration. Go to your Sporcle Settings to finish the process.

Report this User

Report this user for behavior that violates our Community Guidelines.

Details: